1550 1270 1348 1821 1511 1181 1292 1825 1417 1855 1645 1869 1807 1644 1897 1355 1394 1115 1959 1754 1820 1503 1012 1168 1567 1448 1395 1348 1491 1767 1174 1835 1748 1311 1887 1175 2000 1818 1006 1441 1009 1787 1207 1605 1126 1086 1494 1869 1871 1948 1243 1464 1803 1255 1268 1383 1586 1682 1304 1491 1659 1731 1498 1394 1778 1126 1466 1264 1873 1077 1216 1419 1631 1596 1387 1365 1665 1199 1695 1532 1936 1495 1249 1670 1279 1263 1208 1297 1783 1773 1980 1215 1234 1808 1007 1402 1998 1345 1656 BCNSPRNW ULIB Ver.6.0+V

เปลี่ยนเป็นภาษาไทย

Change to English
 แสดงรายละเอียดบรรณานุกรม
  กลับหน้าหลัก

Brief Record : Get Marc (ISO 2709) : E-mail record : QR code < ปิดหน้าต่าง
LEADER : 00000nam 2200000uu 4500
001    13399123721
003     ULIB
008    141119s2556||||th 000 0 tha d
020    ^a9786161115333
060  4 ^aWA590^bพ533
245 00 ^aพัฒนาการสำคัญของการสร้างเสริมสุขภาพ :^bรายงานการประชุมระดับโลกเรื่องการสร้างเสริมสุขภาพ = Milestones in health promotion : statements from global conferences /^cสินศักดิ์ชนม์ อุ่นพรมมี, ผู้แปลและเรียบเรียง
246 30 ^aMilestones in health promotion : statements from global conferences
250    ^aพิมพ์ครั้งที่ 1
260    ^aนนทบุรี :^bโครงการสวัสดิการวิชาการ สถาบันพระบรมราชชนก,^c2556
300    ^a62 แผ่น
505 0  ^a^tกฎบัตรออตตาวาเพื่อการสร้างเสริมสุขภาพ - -^tข้อเสนอแนะแอดิเลดเรื่องนโยบายสาธารณะเพื่อสุขภาพ - -^tแถลงการณ์ซุนด์สวอลล์เรื่องสิ่งแวดล้อมที่สนับสนุนสุขภาพ - -^tคำประกาศจาการ์ตา เรื่องการสร้างเสริมสุขภาพในศตวรรษที่ 21 - -^tคำแถลงของรัฐมนตรีเพื่อการสร้างเสริมสุขภาพแห่งเม็กซิโก : จากแนวคิดสู่การดำเนินการ - -^tกฎบัตรกรุงเทพฯ เพื่อการสร้างเสริมสุขภาพในยุคโลกาภิวัฒน์
650  7 ^aการสร้างเสริมสุขภาพ^vการประชุม
650  7 ^aสุขภาพ^vการประชุม
700 0  ^aสินศักดิ์ชนม์ อุ่นพรมมี,^eผู้แปลและเรียบเรียง
710 2  ^aสถาบันพระบรมราชชนก.^bโครงการสวัสดิการวิชาการ
945    ^p100^l0^i21766
945    ^p100^l0^i21767
945    ^p100^l0^i21768
945    ^p100^l0^i21769
945    ^p100^l0^i21770
999    ^aทศพร เกษรทอง
รายการนี้ยังไม่มีแท็ก
คุณยังไม่ได้ล็อกอิน คุณสามารถมีกิจกรรมร่วมกับเว็บไซต์ได้ แต่ต้องล็อกอินก่อน ::
  ล็อกอิน

รายการสื่อสารสนเทศ

ลำดับที่ ประเภท เลขเรียก/บาร์โค้ด สถานที่ สถานะ
1. วิทยาศาสตร์การแพทย์ และสุขภาพ
วิทยาศาสตร์การแพทย์ และสุขภาพ
สถานะ=หนังสือเก่า
WA590 พ533 ฉ.1 
  Barcode: 21766
ห้องสมุดวิทยาเขตนครสวรรค์
►ส่วนจัดเก็บหนังสือเก่า นว.
บนชั้น
  ขอยืม
2. วิทยาศาสตร์การแพทย์ และสุขภาพ
วิทยาศาสตร์การแพทย์ และสุขภาพ
สถานะ=หนังสือเก่า
WA590 พ533 ฉ.2 
  Barcode: 21767
ห้องสมุดวิทยาเขตนครสวรรค์
►ส่วนจัดเก็บหนังสือเก่า นว.
บนชั้น
  ขอยืม
3. วิทยาศาสตร์การแพทย์ และสุขภาพ
วิทยาศาสตร์การแพทย์ และสุขภาพ
สถานะ=หนังสือเก่า
WA590 พ533 ฉ.3 
  Barcode: 21768
ห้องสมุดวิทยาเขตนครสวรรค์
►ส่วนจัดเก็บหนังสือเก่า นว.
บนชั้น
  ขอยืม
4. วิทยาศาสตร์การแพทย์ และสุขภาพ
วิทยาศาสตร์การแพทย์ และสุขภาพ
สถานะ=หนังสือเก่า
WA590 พ533 ฉ.4 
  Barcode: 21769
ห้องสมุดวิทยาเขตนครสวรรค์
►ส่วนจัดเก็บหนังสือเก่า นว.
บนชั้น
  ขอยืม
5. วิทยาศาสตร์การแพทย์ และสุขภาพ
วิทยาศาสตร์การแพทย์ และสุขภาพ
สถานะ=หนังสือเก่า
WA590 พ533 ฉ.5 
  Barcode: 21770
ห้องสมุดวิทยาเขตนครสวรรค์
►ส่วนจัดเก็บหนังสือเก่า นว.
บนชั้น
  ขอยืม

BibComment


ยังไม่เคยถูกคอมเมนท์

คอมเมนท์ทรัพยากรรายการนี้
  คอมเมนท์: พัฒนาการสำคัญของ..


 Copyright 2026. Bcnsprnw @Library